Language Quiz

Random Language or Letter Quiz

Rhymes with 'Ice' Quiz Stats

Quiz Updated Jan 14, 2015

Also try: Rhymes with Cat
Challenge
Share
Tweet
Embed
Score 0/19 Timer 03:00
1 Play Today
Answer % Correct
mice
97.7%
nice
96.5%
lice
95.9%
dice
95.2%
rice
93.2%
vice
77.8%
slice
69.2%
price
68.6%
thrice
59%
twice
57.4%
Answer % Correct
trice
57.2%
spice
56.6%
bice
54.7%
pice
48.2%
splice
44.9%
vise
16.1%
gneiss
6.2%
lyse
5.7%
syce
1.6%

You're not logged in!

Compare scores with friends on all Sporcle quizzes.
Join for Free
OR
Log In

You Might Also Like...

Show Comments

Extras

Top Quizzes Today


Score Distribution

Your Account Isn't Verified!

In order to create a playlist on Sporcle, you need to verify the email address you used during registration. Go to your Sporcle Settings to finish the process.

Report this User

Report this user for behavior that violates our Community Guidelines.

Details: